000
00294nam a22001337a 4500
020
_a
978-93-80348-39-1
041
_a
ENG
100
_a
Singh .B.P
245
_a
Alternate Sources Of Energy
260
_a
Kanpur
_b
Bhasker Pub
_c
2011
300
_a
233
650
_a
EOES
856
_u
EOES ( 11 )
999
_c
1127
_d
1127